Statistics for Elements beginning with R

Click here to take the quiz!

General Stats

  • This quiz has been taken 26 times
  • The average score is 6 of 8

Answer Stats

Element% Correct
Radium
95%
Radon
90%
Rubidium
80%
Rutherfordium
75%
Rhenium
70%
Rhodium
65%
Ruthenium
60%
Roentgenium
55%

Score Distribution

Percentile by Number Answered

Percent of People with Each Score

Your Score History

You have not taken this quiz